000 00223nam a22001097a 4500
005 20250604130759.0
008 181112b xxu||||| |||| 00| 0 eng d
022 _a00231088
245 _aKHETI
260 _bICAR
942 _cJRL
999 _c5757
_d5755